000
00296nmm a2200097Ia 4500
008
220120s9999||||xx |||||||||||||||||und||
020
_a
978-0-07-060092-8
100
_a
PCQ
245
0
_a
50 plus free software to manage monitor and secure your netw
260
_a
Cyber media Pvt. Ltd.
_b
New Delhi
_c
2016
999
_c
139997
_d
139997